[Event "Quebec op"]
[Site "Montreal"]
[Date "1981.08.05"]
[Round "4"]
[White "Bolduc, Steve"]
[Black "Breton, Nikolai"]
[Result "1-0"]
[WhiteElo "1941"]
[BlackElo "2107"]
[PlyCount "121"]
[EventDate "1981.08.02"]
[EventType "swiss"]
[EventRounds "8"]
[EventCountry "CAN"]
[SourceTitle "EXT 2022"]
[Source "ChessBase"]
[SourceDate "2021.10.06"]
[SourceVersion "1"]
[SourceVersionDate "2021.10.06"]
[SourceQuality "1"]

1. e4 d6 2. Nf3 g6 3. d4 Bg7 4. Nc3 Nf6 5. Be2 c6 6. 0-0 0-0 7. a4 a5 8. h3 Na6 9. Be3 h6 10. Qd2 Kh7 11. Nh2 Ng8 12. f4 e6 13. Rfd1 f5 14. d5 exd5 15. exd5 c5 16. Nb5 Nc7 17. c3 Nf6 18. Nxc7 Qxc7 19. Bf3 Bd7 20. Qc2 Rfe8 21. Re1 Re7 22. Bf2 Rae8 23. Rxe7 Rxe7 24. Re1 Rxe1+ 25. Bxe1 Qd8 26. Bf2 Qe8 27. Qb3 Bxa4 28. Qxb7 Qb5 29. Qxb5 Bxb5 30. Nf1 Bd3 31. Ne3 Kg8 32. c4 Nd7 33. b3 Bd4 34. Bd1 Nf6 35. Bc2 Bxe3 36. Bxd3 Bxf2+ 37. Kxf2 Kf7 38. Kf3 Nd7 39. g4 Kf6 40. h4 Nb6 41. Bc2 a4 42. bxa4 Nxc4 43. g5+ hxg5 44. fxg5+ Ke5 45. h5 gxh5 46. g6 Kf6 47. Bxf5 Nb6 48. a5 Nxd5 49. a6 Nc7 50. a7 d5 51. Kg3 c4 52. Kh4 d4 53. Be4 d3 54. Kxh5 d2 55. Bc2 Kg7 56. Kg5 c3 57. Kf5 Kf8 58. Kf6 Nd5+ 59. Ke6 Nb6 60. Kf6 Nd7+ 61. Kg5 1-0

[Event "Montreal inv reserve"]
[Site "Montreal"]
[Date "1980.01.13"]
[Round "2"]
[White "Levtchouk, George"]
[Black "Breton, Nikolai"]
[Result "1-0"]
[WhiteElo "1960"]
[BlackElo "1974"]
[PlyCount "98"]
[EventDate "1980.01.12"]
[EventType "tourn"]
[EventRounds "7"]
[EventCountry "CAN"]
[SourceTitle "EXT 2022"]
[Source "ChessBase"]
[SourceDate "2021.10.06"]
[SourceVersion "1"]
[SourceVersionDate "2021.10.06"]
[SourceQuality "1"]

1. Nf3 g6 2. c4 Bg7 3. Nc3 d6 4. d4 Nf6 5. e4 0-0 6. Be2 e5 7. 0-0 Nc6 8. d5 Ne7 9. Ne1 Nd7 10. Nd3 f5 11. Bd2 Nf6 12. f3 Rf7 13. Rc1 f4 14. c5 g5 15. cxd6 cxd6 16. Nf2 Bf8 17. Nb5 Ng6 18. a4 h5 19. h3 Rg7 20. Qc2 Ne8 21. Nxa7 Rc7 22. Nc6 bxc6 23. dxc6 Rca7 24. Ra1 Nf6 25. b4 g4 26. fxg4 hxg4 27. hxg4 Rh7 28. Ra3 Rh4 29. Qd1 Qb6 30. g3 fxg3 31. Rxg3 Qxc6 32. Bg5 Rh7 33. Bxf6 Nf4 34. Bb5 Qc7 35. Nd3 Qb6+ 36. Rf2 Qd4 37. Qf3 Bb7 38. Nxf4 Bxe4 39. Qb3+ d5 40. Ng2 Bxb4 41. Bg5 Rf8 42. Be3 Qa1+ 43. Bf1 Be1 44. Rxf8+ Kxf8 45. Bc5+ Kg8 46. Qb8+ Kg7 47. Qf8+ Kg6 48. Rb3 Bf2+ 49. Qxf2 Rf7 1-0

[Event "Montreal inv reserve"]
[Site "Montreal"]
[Date "1980.01.12"]
[Round "1"]
[White "Jodoin, Pierre"]
[Black "Breton, Nikolai"]
[Result "1/2-1/2"]
[WhiteElo "1913"]
[BlackElo "1974"]
[PlyCount "108"]
[EventDate "1980.01.12"]
[EventType "tourn"]
[EventRounds "7"]
[EventCountry "CAN"]
[SourceTitle "EXT 2022"]
[Source "ChessBase"]
[SourceDate "2021.10.06"]
[SourceVersion "1"]
[SourceVersionDate "2021.10.06"]
[SourceQuality "1"]

1. e4 d6 2. d4 Nf6 3. Nc3 g6 4. g3 Bg7 5. Bg2 0-0 6. Nge2 e5 7. 0-0 Nc6 8. dxe5 dxe5 9. Bg5 Qxd1 10. Rfxd1 Be6 11. Nd5 Ne8 12. Ne7+ Kh8 13. Nxc6 bxc6 14. Be7 Rg8 15. Nc1 Nf6 16. Nd3 Nd7 17. Ba3 Bf8 18. Bxf8 Rgxf8 19. b3 Rab8 20. Bf1 Kg7 21. f3 f6 22. Nf2 Rbd8 23. Rd2 Kf7 24. Rad1 Ke7 25. Nd3 Rb8 26. Kf2 f5 27. exf5 Rxf5 28. Bh3 Rh5 29. Bxe6 Rxh2+ 30. Ke3 Rxd2 31. Rxd2 Kxe6 32. Rh2 h5 33. Rh4 Nf6 34. Ra4 Re8 35. c4 Kd6 36. Nf2 g5 37. g4 hxg4 38. fxg4 Ra8 39. Ra6 Kd7 40. b4 Rb8 41. b5 Rb6 42. Ra5 cxb5 43. cxb5 Kc8 44. Rxa7 Rxb5 45. Ra6 Rb6 46. Ra5 Rb4 47. Rxe5 Nxg4+ 48. Nxg4 Rxg4 49. Kf3 Rf4+ 50. Ke3 Rg4 51. Kf3 Ra4 52. Rxg5 Rxa2 53. Ke3 Kb7 54. Kd3 Kb6 1/2-1/2

[Event "Quebec op"]
[Site "Montreal"]
[Date "1978.07.30"]
[Round "9"]
[White "Zalys, Ignas"]
[Black "Breton, Nikolai"]
[Result "1/2-1/2"]
[WhiteElo "1860"]
[BlackElo "1745"]
[PlyCount "84"]
[EventDate "1978.07.22"]
[EventType "swiss"]
[EventRounds "9"]
[EventCountry "CAN"]
[SourceTitle "EXT 2022"]
[Source "ChessBase"]
[SourceDate "2021.10.06"]
[SourceVersion "1"]
[SourceVersionDate "2021.10.06"]
[SourceQuality "1"]

1. e4 d6 2. d4 Nf6 3. Nc3 g6 4. Nf3 c6 5. Be2 b5 6. a3 a6 7. Bg5 h6 8. Bxf6 exf6 9. 0-0 Bg7 10. Qd3 0-0 11. Rad1 Nd7 12. Nd2 Nb6 13. f4 d5 14. Bf3 f5 15. exd5 cxd5 16. Nb3 Be6 17. Nc5 Nc4 18. Rb1 Qd6 19. Ne2 Rfc8 20. b4 a5 21. Ra1 Rc7 22. g3 axb4 23. axb4 Rca7 24. Rxa7 Rxa7 25. c3 Qb8 26. Nc1 Ra1 27. Qe2 Qc8 28. Re1 Bf8 29. N1d3 Rxe1+ 30. Qxe1 Bd6 31. Bd1 Bd7 32. Bb3 f6 33. Qe2 Qe8 34. Kf2 Kf7 35. Qxe8+ Kxe8 36. Ke2 Bc6 37. Ne1 Ke7 38. Ng2 h5 39. Ne3 Bxc5 40. dxc5 Nxe3 41. Kxe3 g5 42. Bc2 Ke6 1/2-1/2